Az újítások hasznosítása, az újítók erkölcsi és anyagi elismerésének problémai

Elmentve itt :
Bibliográfiai részletek
Szerző: Cserba Attila
További közreműködők: nincs megadva (Témavezető)
Dokumentumtípus: Szakdolgozat
Megjelent: 1981
Tárgyszavak:
Online Access:http://diploma.bibl.u-szeged.hu/20308
LEADER 00597nta a2200157 i 4500
001 dipl20308
005 20130314080010.0
008 111128s1981 hu om 0|| zxx d
040 |a SZTE Diploma Repozitórium  |b hun 
041 |a zxx 
100 1 |a Cserba Attila 
245 1 3 |a Az újítások hasznosítása, az újítók erkölcsi és anyagi elismerésének problémai  |h [elektronikus dokumentum] /  |c Attila Cserba 
260 |c 1981 
650 4 |a Jogi és igazgatási tanulmányok 
700 1 |a nincs megadva  |e ths 
856 4 0 |u http://diploma.bibl.u-szeged.hu/id/eprint/20308/1/1981_cserba_attila.pdf  |z Dokumentum-elérés